Buddha's Warriors: (Record no. 1400926)

MARC details
000 -LEADER
fixed length control field 00544nam a22001697a 4500
003 - CONTROL NUMBER IDENTIFIER
control field OSt
005 - DATE AND TIME OF LATEST TRANSACTION
control field 20250515122043.0
008 - FIXED-LENGTH DATA ELEMENTS--GENERAL INFORMATION
fixed length control field 250515b |||||||| |||| 00| 0 eng d
020 ## - INTERNATIONAL STANDARD BOOK NUMBER
International Standard Book Number 9780144001040
040 ## - CATALOGING SOURCE
Transcribing agency rda
100 ## - MAIN ENTRY--PERSONAL NAME
Personal name Dunham, Mikel.,
Relator term author
9 (RLIN) 784493
245 ## - TITLE STATEMENT
Title Buddha's Warriors:
Remainder of title The Story of the CIA-Backed Tibetan Freedom Fighters, the Chinese Invansion, and the Ultimate Fall of Tibet
Statement of responsibility, etc. by Mikel Dunham
260 ## - PUBLICATION, DISTRIBUTION, ETC.
Place of publication, distribution, etc. New Delhi:
Name of publisher, distributor, etc. Penguin Group,
Date of publication, distribution, etc. 2004
300 ## - PHYSICAL DESCRIPTION
Extent xiii,433p.
650 ## - SUBJECT ADDED ENTRY--TOPICAL TERM
Source of heading or term Warriors
942 ## - ADDED ENTRY ELEMENTS (KOHA)
Source of classification or shelving scheme Colon Classification (CC)
Koha item type General Books
Suppress in OPAC No
Holdings
Withdrawn status Lost status Source of classification or shelving scheme Damaged status Not for loan Home library Current library Shelving location Date acquired Cost, normal purchase price Total Checkouts Full call number Barcode Date last seen Price effective from Koha item type
    Colon Classification (CC)     Faculty of Management Library Faculty of Management Library General Stacks 2025-05-15 450.00   Q4.1 P4 ML1352783 2025-05-15 2025-05-15 General Books
Copyright @ Delhi University Library System